LEADER 01183nam a22003375i 4500 001 991002218819707536 007 cr nn 008mamaa 008 121227s2004 de | s |||| 0|eng d 020 $a9783540409786 035 $ab14139777-39ule_inst 040 $aBibl. Dip.le Aggr. Matematica e Fisica - Sez. Matematica$beng 082 04$a512.7$223 084 $aAMS 11F11 084 $aAMS 11F12 084 $aAMS 11F50 084 $aAMS 11F55 100 1 $aLee, Min Ho$0283575 245 10$aMixed automorphic forms, torus bundles, and Jacobi Forms$h[e-book] /$cby Min Ho Lee 260 $aBerlin :$bSpringer,$c2004 300 $a1 online resource (x, 239 p.) 440 0$aLecture Notes in Mathematics,$x1617-9692 ;$v1845 650 0$aMathematics 650 0$aGeometry, algebraic 650 0$aNumber theory 773 0 $aSpringer eBooks 856 40$uhttp://dx.doi.org/10.1007/b97773$zAn electronic book accessible through the World Wide Web 907 $a.b14139777$b03-03-22$c05-09-13 912 $a991002218819707536 996 $aMixed automorphic forms, torus bundles, and Jacobi Forms$9262678 997 $aUNISALENTO 998 $ale013$b05-09-13$cm$d@ $e-$feng$gde $h0$i0 LEADER 01140nam0 22003011i 450 001 UON00225838 005 20231205103436.348 010 $a88-86756-56-9 100 $a20030730d1998 |0itac50 ba 101 $aita 102 $aIT 105 $a|||| 1|||| 200 1 $aFondamenti di linguistica ugrofinnica$fGábor Bereczki$gintr. di Andrea Csillaghy 210 $aUdine$cForum$d1998 215 $a159 p.$d24 cm. 316 $aDono dell'Editore.$5IT-UONSI FIUA/0623 606 $aLINGUE UGRO-FINNICHE$3UONC071954$2FI 620 $aIT$dUdine$3UONL000548 676 $a494.5$cLingue ugrofinniche$v21 700 1$aBERECZKI$bGábor$3UONV095407$0769618 702 1$aCSILLAGHY$bAndrea$3UONV025060 712 $aForum$3UONV260239$4650 801 $aIT$bSOL$c20240220$gRICA 899 $aSIBA - SISTEMA BIBLIOTECARIO DI ATENEO$2UONSI 912 $aUON00225838 950 $aSIBA - SISTEMA BIBLIOTECARIO DI ATENEO$dSI FIU A 0623 $eSI EO 32987 5 0623 Dono dell'Editore.$sBuono 996 $aFondamenti di linguistica ugrofinnica$91569061 997 $aUNIOR